Constitución de la República (Registro nro. 8196)
[ vista simple ]
| 000 -LEADER | |
|---|---|
| fixed length control field | 01611nam a2200181Ia 4500 |
| 005 - FECHA Y HORA DE LA ÚLTIMA TRANSACCIÓN | |
| control field | 20230530153003.0 |
| 008 - FIXED-LENGTH DATA ELEMENTS--GENERAL INFORMATION | |
| fixed length control field | 230530s9999 xx 000 0 und d |
| 040 ## - CATALOGING SOURCE | |
| Original cataloging agency | UPAN |
| Transcribing agency | Biblioteca San Vicente |
| Description conventions | RCAA2 |
| 041 ## - LANGUAGE CODE | |
| Language code of text/sound track or separate title | spa |
| 082 ## - DEWEY DECIMAL CLASSIFICATION NUMBER | |
| Classification number | 342.728 4 |
| Item number | C678c |
| 110 ## - MAIN ENTRY--CORPORATE NAME | |
| Corporate name or jurisdiction name as entry element | Corte Suprema de Justicia |
| Relator code | aut |
| 245 #0 - TITLE STATEMENT | |
| Title | Constitución de la República |
| Statement of responsibility, etc | Corte Suprema de Justicia |
| 260 ## - PUBLICATION, DISTRIBUTION, ETC. (IMPRINT) | |
| Place of publication, distribution, etc | El Salvador: |
| Name of publisher, distributor, etc | Corte Suprema de Justicia, |
| Date of publication, distribution, etc | 2006 |
| 300 ## - PHYSICAL DESCRIPTION | |
| Extent | 97 p.; |
| Dimensions | 24 cm. |
| 505 ## - FORMATTED CONTENTS NOTE | |
| Formatted contents note | Titulo I<br/>Capitulo I: La persona humana y los fines del Estado<br/>Titulo II: Los derechos y garantías fundamentales de la persona<br/>Capitulo I: Derechos individuales y su régimen de excepción <br/>Capitulo II: Derechos sociales<br/>Capitulo III: Los ciudadanos, sus derechos y deberes políticos y el cuerpo electoral<br/>Titulo III: El Estado, su forma de gobierno y Sistema político<br/>Titulo IV: La nacionalidad<br/>Título V: Órganos del Gobierno, atribuciones y competencias <br/>Capitulo I: Órgano Legislativo<br/>Capitulo II: Órgano ejecutivo<br/>Capitulo III: Órgano judicial<br/>Capitulo IV: Ministerio publico<br/>Capitulo V: Corte de cuentas de la Republica<br/>Capitulo VI: Gobierno local<br/>Capitulo VII: Tribunal Supremo Electoral.<br/>Capitulo VIII: Fuerza armada.<br/>Titulo VII: Régimen administrativo<br/>Capitulo I: Servicio social<br/>Capitulo II: Hacienda publica<br/>Titulo VIII: Responsabilidad de los funcionarios públicos <br/>Titulo IX: alcances, aplicación, Reformas y derogatorias<br/>Titulo X: Disposiciones transitorias<br/>Titulo XI: Vigencias<br/>Disposiciones transitorias<br/> |
| 650 ## - SUBJECT ADDED ENTRY--TOPICAL TERM | |
| Source of heading or term | LEMB |
| General subdivision | Derecho Constitucional |
| Geographic subdivision | El Salvador |
| 942 ## - ADDED ENTRY ELEMENTS (KOHA) | |
| Koha item type | Libros |
| Source of classification or shelving scheme | Dewey Decimal Classification |
| Withdrawn status | Lost status | Source of classification or shelving scheme | Damaged status | Not for loan | Collection code | Home library | Current library | Date acquired | Total Checkouts | Full call number | Barcode | Date last seen | Price effective from | Koha item type | Copy number |
|---|---|---|---|---|---|---|---|---|---|---|---|---|---|---|---|
| Dewey Decimal Classification | Colección General | Biblioteca UPAN San Vicente | Biblioteca UPAN San Vicente | 30/05/2023 | 342.728 4 C678c | 12000639 | 30/05/2023 | 30/05/2023 | Libros | ||||||
| Dewey Decimal Classification | Colección General | Biblioteca UPAN San Vicente | Biblioteca UPAN San Vicente | 30/05/2023 | 342.728 4 C678c | 12000640 | 30/05/2023 | 30/05/2023 | Libros | 01 |